000 00649nam a2200253Ia 4500
005 20260123122729.0
008 008 260114s9999 xx 000 0 eng d
020 _a9788178299907
037 _aEBOOK
040 _aCRL
040 _beng
040 _cCRL
041 _2eng
041 _aeng
084 _qCRL
100 _aMargaret Khalakdina
_91104879
245 0 _aHuman Development in the Indian Context
260 _bSAGE
260 _c2008
856 _uhttps://evidya.sagepub.in/library/human-development-in-the-indian-context?bookId=3883&siteName=evidya
942 _cEBOOK
999 _c1670114
_d1670114